[Event "GRE-chT 45th"]
[Site "Achaia"]
[Date "2017.07.06"]
[Round "5.3"]
[White "Kordis, Konstantinos"]
[Black "Lagopatis, Nikolaos"]
[Result "1/2-1/2"]
[WhiteElo "2137"]
[BlackElo "2103"]
[PlyCount "88"]
[EventDate "2017.07.03"]
[EventType "team-swiss"]
[EventRounds "7"]
[EventCountry "GRE"]
[SourceTitle "CBM 179 Extra"]
[Source "ChessBase"]
[SourceDate "2017.08.23"]
[SourceVersion "1"]
[SourceVersionDate "2017.08.23"]
[SourceQuality "1"]
[WhiteTeam "Glyfadas Zenon"]
[BlackTeam "Sykeon Neapolis"]
[WhiteTeamCountry "GRE"]
[BlackTeamCountry "GRE"]

1. e4 d6 2. d4 Nf6 3. Nc3 Nbd7 4. Bc4 e5 5. Nf3 Be7 6. 0-0 0-0 7. Re1 c6 8. a4 b6 9. d5 cxd5 10. Nxd5 Bb7 11. b3 Rc8 12. Re2 Rc5 13. Ba3 Bxd5 14. exd5 Rc7 15. Bb5 Nc5 16. Bc6 Nfe4 17. Qe1 f5 18. a5 g5 19. axb6 axb6 20. Bb2 g4 21. Nd2 Nxd2 22. Qxd2 Ne4 23. Qb4 Rxc6 24. dxc6 d5 25. Qb5 Bc5 26. b4 Bd4 27. Bxd4 exd4 28. Ra7 Nc3 29. Qd3 Nxe2+ 30. Qxe2 Re8 31. c7 Qd7 32. Qd2 Rc8 33. Qg5+ Kf7 34. Qh6 Qe6 35. Qxh7+ Kf6 36. Kf1 Qe5 37. Qh4+ Kf7 38. Qd8 Qe6 39. Rb7 d3 40. cxd3 Qc6 41. Qxc8 Qc1+ 42. Ke2 Qb2+ 43. Kd1 Qb1+ 44. Ke2 Qb2+ 1/2-1/2

[Event "GRE-chT 45th"]
[Site "Achaia"]
[Date "2017.07.05"]
[Round "4.8"]
[White "Iskos, Alexandros"]
[Black "Lagopatis, Nikolaos"]
[Result "1/2-1/2"]
[WhiteElo "2169"]
[BlackElo "2103"]
[PlyCount "171"]
[EventDate "2017.07.03"]
[EventType "team-swiss"]
[EventRounds "7"]
[EventCountry "GRE"]
[SourceTitle "CBM 179 Extra"]
[Source "ChessBase"]
[SourceDate "2017.08.23"]
[SourceVersion "1"]
[SourceVersionDate "2017.08.23"]
[SourceQuality "1"]
[WhiteTeam "Orekastro Marion Thunder"]
[BlackTeam "Sykeon Neapolis"]
[WhiteTeamCountry "GRE"]
[BlackTeamCountry "GRE"]

1. e4 d6 2. d4 Nf6 3. Nc3 e5 4. dxe5 dxe5 5. Qxd8+ Kxd8 6. Bg5 Be6 7. 0-0-0+ Nbd7 8. f4 exf4 9. Nf3 Kc8 10. Bxf4 Nh5 11. Be3 Bc5 12. Bxc5 Nxc5 13. Ng5 c6 14. b4 f6 15. Nxe6 Nxe6 16. g3 Kc7 17. Be2 g6 18. Rhf1 Rhf8 19. Bxh5 gxh5 20. Rf5 Ng7 21. Rf4 a5 22. b5 Rae8 23. bxc6 bxc6 24. Rdf1 Re6 25. Na4 Kd6 26. Nb6 Ke7 27. Nc4 a4 28. a3 Rd8 29. e5 f5 30. Kb2 Rd5 31. Kc3 Rg6 32. Ne3 Rc5+ 33. Kd3 Rxe5 34. Nxf5+ Nxf5 35. Rxf5 Rge6 36. Rxe5 Rxe5 37. Rf4 Ra5 38. Kc4 Rb5 39. Kc3 Rc5+ 40. Rc4 Kd6 41. Kb4 Rb5+ 42. Kxa4 Kc7 43. Rb4 Re5 44. Kb3 h6 45. a4 Re3+ 46. c3 Re2 47. Rh4 Re5 48. Kb4 Kb6 49. Rf4 Rg5 50. c4 c5+ 51. Kc3 Ka5 52. Rf8 h4 53. gxh4 Rh5 54. Ra8+ Kb6 55. Rb8+ Ka5 56. Kb3 Rxh4 57. Rb5+ Ka6 58. Rxc5 Rxh2 59. Kb4 Rb2+ 60. Kc3 Rb6 61. Rh5 Rg6 62. Kd4 Kb6 63. Kd5 Kc7 64. c5 Ra6 65. Rh4 Rg6 66. Re4 Ra6 67. Rh4 h5 68. Rxh5 Rxa4 69. Rh7+ Kb8 70. Kd6 Rd4+ 71. Kc6 Rd1 72. Rh8+ Ka7 73. Kc7 Rg1 74. Rd8 Rg7+ 75. Rd7 Rg8 76. c6 Rh8 77. Re7 Rg8 78. Rd7 Rh8 79. Kd6+ Kb8 80. Rb7+ Kc8 81. Ra7 Rh6+ 82. Kc5 Rh1 83. Ra8+ Kc7 84. Ra7+ Kc8 85. Kb6 Rb1+ 86. Kc5 1/2-1/2

[Event "GRE-chT 45th"]
[Site "Achaia"]
[Date "2017.07.03"]
[Round "1.6"]
[White "Lagopatis, Nikolaos"]
[Black "Stavrianakis, Ioannis"]
[Result "1/2-1/2"]
[WhiteElo "2103"]
[BlackElo "2267"]
[PlyCount "82"]
[EventDate "2017.07.03"]
[EventType "team-swiss"]
[EventRounds "7"]
[EventCountry "GRE"]
[SourceTitle "CBM 179 Extra"]
[Source "ChessBase"]
[SourceDate "2017.08.23"]
[SourceVersion "1"]
[SourceVersionDate "2017.08.23"]
[SourceQuality "1"]
[WhiteTeam "Sykeon Neapolis"]
[BlackTeam "Heraklion CN"]
[WhiteTeamCountry "GRE"]
[BlackTeamCountry "GRE"]

1. e4 e6 2. Nf3 d5 3. exd5 exd5 4. d4 Bd6 5. Bd3 Nc6 6. 0-0 Nge7 7. Re1 Bg4 8. c3 Qd7 9. Bg5 f6 10. Bh4 0-0-0 11. Bg3 Bxg3 12. fxg3 Rde8 13. Nbd2 Kb8 14. Qc2 g6 15. Kf2 Nc8 16. h3 Bxf3 17. Nxf3 Nd6 18. g4 Nd8 19. Rxe8 Rxe8 20. Re1 Rxe1 21. Kxe1 Ne6 22. g3 c5 23. Qe2 c4 24. Bb1 Ng7 25. Kf2 Kc7 26. Kg2 Qe6 27. Qxe6 Nxe6 28. h4 Nc8 29. Kf2 Kd6 30. Ke3 Ke7 31. Bc2 b5 32. a3 Nd6 33. Ne1 Kf7 34. Ng2 h6 35. Nf4 Nxf4 36. gxf4 f5 37. g5 h5 38. Bd1 Ne4 39. Bc2 Ke6 40. Bd1 Kd6 41. Bc2 a6 1/2-1/2

[Event "Nea Moudania op 2nd"]
[Site "Nea Moudania"]
[Date "2016.08.25"]
[Round "4"]
[White "Bahar Mosse, Iakov"]
[Black "Lagopatis, Nikolaos"]
[Result "0-1"]
[WhiteElo "1749"]
[BlackElo "2187"]
[PlyCount "72"]
[EventDate "2016.08.22"]
[EventType "swiss"]
[EventRounds "9"]
[EventCountry "GRE"]
[SourceTitle "CBM 174 Extra"]
[Source "ChessBase"]
[SourceDate "2016.10.10"]
[SourceVersion "1"]
[SourceVersionDate "2016.10.10"]
[SourceQuality "1"]

1. e4 d6 2. d4 Nf6 3. Nc3 c6 4. a4 Nbd7 5. Nf3 e5 6. Bc4 Be7 7. h3 0-0 8. 0-0 Nxe4 9. Nxe4 d5 10. Bb3 dxe4 11. Nxe5 Nxe5 12. dxe5 Bf5 13. f4 exf3 14. Qxf3 Be6 15. Kh1 Qd4 16. Re1 Rad8 17. c3 Qd7 18. Bc2 Bd5 19. Qg3 Qe6 20. Be3 c5 21. Rf1 f5 22. exf6 Rxf6 23. Rxf6 Qxf6 24. Bf4 Bc6 25. Re1 Qh4 26. Bb3+ Kh8 27. Kh2 Qxg3+ 28. Kxg3 Bf6 29. Ra1 Re8 30. Kf2 g5 31. Be3 Re5 32. Bc2 Kg7 33. Re1 h5 34. g4 hxg4 35. hxg4 b6 36. Kg3 Re8 0-1

[Event "Thessaloniki Triandria op 8th"]
[Site "Thessaloniki"]
[Date "2015.04.18"]
[Round "6"]
[White "Lagopatis, Nikolaos"]
[Black "Ratsma, Midas"]
[Result "0-1"]
[WhiteElo "2194"]
[BlackElo "2120"]
[PlyCount "68"]
[EventDate "2015.04.14"]
[EventType "swiss"]
[EventRounds "7"]
[EventCountry "GRE"]
[SourceTitle "CBM 166 Extra"]
[Source "ChessBase"]
[SourceDate "2015.06.18"]
[SourceVersion "1"]
[SourceVersionDate "2015.06.18"]
[SourceQuality "1"]

1. e4 e6 2. d3 d5 3. Nd2 Nf6 4. Ngf3 b6 5. c3 Be7 6. Qa4+ c6 7. Be2 0-0 8. 0-0 Qc7 9. Re1 Nbd7 10. Bf1 e5 11. a3 a5 12. Qc2 Ba6 13. b3 Rfe8 14. Bb2 c5 15. exd5 Nxd5 16. c4 Nf4 17. Nxe5 Nxe5 18. Bxe5 Bd6 19. Bxd6 Qxd6 20. Ne4 Qg6 21. Qd2 Ne6 22. Re3 Rad8 23. Rae1 Kf8 24. Qd1 f5 25. Nc3 Bb7 26. Nb5 Kf7 27. g3 f4 28. Re5 Ng5 29. Bg2 Rxe5 30. Rxe5 Bxg2 31. Kxg2 Rxd3 32. Qg4 f3+ 33. Kf1 Rd1+ 34. Re1 Qd3+ 0-1

[Event "GRE CupT final 32nd"]
[Site "Porto Rio"]
[Date "2014.07.05"]
[Round "3.2"]
[White "Gogolis, Alexandros"]
[Black "Lagopatis, Nikolaos"]
[Result "1/2-1/2"]
[WhiteElo "2263"]
[BlackElo "2168"]
[PlyCount "59"]
[EventDate "2014.07.04"]
[EventType "team-k.o."]
[EventRounds "5"]
[EventCountry "GRE"]
[SourceTitle "CBM 161 Extra"]
[Source "ChessBase"]
[SourceDate "2014.08.29"]
[SourceVersion "1"]
[SourceVersionDate "2014.08.29"]
[SourceQuality "1"]
[WhiteTeam "Petropoulis Dias"]
[BlackTeam "Ptolemaida Ptolemaios"]
[WhiteTeamCountry "GRE"]
[BlackTeamCountry "GRE"]

1. d4 d6 2. Bg5 c5 3. c3 h6 4. Bh4 cxd4 5. cxd4 Qb6 6. Qd2 g5 7. Bg3 Bg7 8. e3 Nf6 9. Nc3 Bf5 10. Bb5+ Nbd7 11. Nge2 Rc8 12. h4 Ne4 13. Qd1 a6 14. Bxd7+ Kxd7 15. Qa4+ Qc6 16. Qxc6+ bxc6 17. Nxe4 Bxe4 18. f3 Bd3 19. hxg5 hxg5 20. Kd2 Bg6 21. Rac1 Rxh1 22. Rxh1 c5 23. Rc1 cxd4 24. Nxd4 Rxc1 25. Kxc1 f5 26. Bf2 e5 27. Ne2 Kc6 28. Kd2 Bf7 29. b3 d5 30. f4 1/2-1/2

[Event "GRE CupT final 32nd"]
[Site "Porto Rio"]
[Date "2014.07.04"]
[Round "2.2"]
[White "Harikrishna, Pentala"]
[Black "Lagopatis, Nikolaos"]
[Result "1-0"]
[WhiteElo "2726"]
[BlackElo "2168"]
[PlyCount "109"]
[EventDate "2014.07.04"]
[EventType "team-k.o."]
[EventRounds "5"]
[EventCountry "GRE"]
[SourceTitle "CBM 161 Extra"]
[Source "ChessBase"]
[SourceDate "2014.08.29"]
[SourceVersion "1"]
[SourceVersionDate "2014.08.29"]
[SourceQuality "1"]
[WhiteTeam "Kavalas SO"]
[BlackTeam "Ptolemaida Ptolemaios"]
[WhiteTeamCountry "GRE"]
[BlackTeamCountry "GRE"]

1. d4 d6 2. Nf3 Nf6 3. c4 Nbd7 4. Nc3 e5 5. g3 c6 6. Bg2 Be7 7. 0-0 0-0 8. Qc2 Qc7 9. Rd1 Re8 10. e4 a6 11. a4 a5 12. h3 Bf8 13. Be3 exd4 14. Nxd4 Nc5 15. Re1 Qb6 16. Rad1 Bd7 17. f4 Rad8 18. Bf2 g6 19. g4 Bg7 20. Bf3 Bc8 21. Kg2 Qb4 22. b3 Nfd7 23. Na2 Qb6 24. Nc1 Qc7 25. Nce2 Nf8 26. Ng3 Qb6 27. Rb1 Qc7 28. Red1 Na6 29. Qd2 Ne6 30. Nde2 Nb4 31. h4 Nc5 32. h5 Qe7 33. hxg6 fxg6 34. Rh1 Nbd3 35. Be3 d5 36. cxd5 cxd5 37. e5 b6 38. Bd4 Rf8 39. Rh2 Ba6 40. Rbh1 Nxb3 41. Qe3 Nxd4 42. Qxd4 Rf7 43. Qxb6 Bc4 44. Rxh7 Ne1+ 45. Rxe1 Kxh7 46. Rh1+ Kg8 47. Qxg6 d4 48. Nf5 Rxf5 49. gxf5 Qf7 50. Qg5 Rb8 51. Nxd4 Bd5 52. f6 Bxf3+ 53. Nxf3 Rb2+ 54. Kg3 Rb3 55. Qxg7+ 1-0

[Event "GRE-chT 42nd"]
[Site "Porto Rio"]
[Date "2014.06.30"]
[Round "4.2"]
[White "Lagopatis, Nikolaos"]
[Black "Moutousis, Konstantinos"]
[Result "1/2-1/2"]
[WhiteElo "2174"]
[BlackElo "2421"]
[PlyCount "61"]
[EventDate "2014.06.28"]
[EventType "team-swiss"]
[EventRounds "7"]
[EventCountry "GRE"]
[SourceTitle "CBM 161 Extra"]
[Source "ChessBase"]
[SourceDate "2014.08.29"]
[SourceVersion "1"]
[SourceVersionDate "2014.08.29"]
[SourceQuality "1"]
[WhiteTeam "Ptolemaida Ptolemaios"]
[BlackTeam "AEK"]
[WhiteTeamCountry "GRE"]
[BlackTeamCountry "GRE"]

1. e4 g6 2. d4 Bg7 3. Nf3 d6 4. Bc4 e6 5. Bb3 Ne7 6. 0-0 a6 7. a4 b6 8. c3 h6 9. Re1 Nd7 10. Nbd2 Bb7 11. Nc4 Nf6 12. e5 Nfd5 13. h3 Rb8 14. Bc2 Kf8 15. Bd2 Kg8 16. Bd3 Kf8 17. Qe2 Nf5 18. Na3 a5 19. Nc4 Kg8 20. Qd1 Bf8 21. Bf1 Rh7 22. Ne3 Ndxe3 23. Bxe3 Nxe3 24. Rxe3 Rh8 25. Bd3 Kg7 26. Qc2 Be7 27. Rae1 Bg5 28. Nxg5 hxg5 29. Rg3 Rh4 30. Qe2 Rf4 31. Rg4 1/2-1/2

[Event "GRE-chT 42nd"]
[Site "Porto Rio"]
[Date "2014.06.29"]
[Round "3.2"]
[White "Kolomvas, Ioannis"]
[Black "Lagopatis, Nikolaos"]
[Result "0-1"]
[WhiteElo "2095"]
[BlackElo "2174"]
[PlyCount "50"]
[EventDate "2014.06.28"]
[EventType "team-swiss"]
[EventRounds "7"]
[EventCountry "GRE"]
[SourceTitle "CBM 161 Extra"]
[Source "ChessBase"]
[SourceDate "2014.08.29"]
[SourceVersion "1"]
[SourceVersionDate "2014.08.29"]
[SourceQuality "1"]
[WhiteTeam "Nautical Association"]
[BlackTeam "Ptolemaida Ptolemaios"]
[WhiteTeamCountry "GRE"]
[BlackTeamCountry "GRE"]

1. b3 e5 2. Bb2 d6 3. e3 Nf6 4. d4 exd4 5. Qxd4 Be7 6. Nc3 Nc6 7. Bb5 Bd7 8. Bxc6 Bxc6 9. Nf3 0-0 10. 0-0-0 Re8 11. e4 Bf8 12. Rde1 Nd7 13. h4 Ne5 14. Ng5 Qf6 15. Nd5 Bxd5 16. exd5 Qf5 17. Re4 Ng6 18. Rhe1 Rxe4 19. Rxe4 Nxh4 20. Nxh7 Qxh7 21. Rxh4 Qg6 22. Qe4 f5 23. Qf3 Re8 24. Bc3 Qg5+ 25. Qf4 Be7 0-1

[Event "GRE-chT 42nd"]
[Site "Porto Rio"]
[Date "2014.06.28"]
[Round "1.2"]
[White "Lagopatis, Nikolaos"]
[Black "Papadopoulos, Ioannis K"]
[Result "1-0"]
[WhiteElo "2174"]
[BlackElo "2414"]
[PlyCount "71"]
[EventDate "2014.06.28"]
[EventType "team-swiss"]
[EventRounds "7"]
[EventCountry "GRE"]
[SourceTitle "CBM 161 Extra"]
[Source "ChessBase"]
[SourceDate "2014.08.29"]
[SourceVersion "1"]
[SourceVersionDate "2014.08.29"]
[SourceQuality "1"]
[WhiteTeam "Ptolemaida Ptolemaios"]
[BlackTeam "Mapou Thunder"]
[WhiteTeamCountry "GRE"]
[BlackTeamCountry "GRE"]

1. e4 c5 2. c3 Nf6 3. d3 d5 4. Nd2 Nc6 5. Ngf3 e6 6. Be2 Bd6 7. 0-0 0-0 8. Re1 Bc7 9. a3 b6 10. b4 Bb7 11. Bb2 Ne5 12. exd5 Neg4 13. Nf1 cxb4 14. cxb4 Nxd5 15. Rc1 Qe7 16. Nd4 Ngf6 17. Bf3 Qd7 18. Ne3 Nxe3 19. fxe3 Be5 20. Bxb7 Qxb7 21. Qf3 Qxf3 22. gxf3 Nd5 23. Kf2 Rfc8 24. f4 Bf6 25. Kf3 Kf8 26. Ba1 Ke8 27. Rc4 Kd7 28. Rb1 h6 29. e4 Ne7 30. Nb3 Bxa1 31. Rxa1 Rc6 32. Rac1 Rac8 33. Ke3 f5 34. Nd4 Rxc4 35. Rxc4 Rf8 36. Rc7+ 1-0

[Event "Blagoevgrad op"]
[Site "Blagoevgrad"]
[Date "2013.10.04"]
[Round "9"]
[White "Lagopatis, Nikolaos"]
[Black "Kazakov, Danail"]
[Result "1-0"]
[WhiteElo "2161"]
[BlackElo "1852"]
[PlyCount "85"]
[EventDate "2013.09.28"]
[EventType "swiss"]
[EventRounds "9"]
[EventCountry "BUL"]
[SourceTitle "CBM 156 Extra"]
[Source "ChessBase"]
[SourceDate "2013.10.22"]
[SourceVersion "1"]
[SourceVersionDate "2013.10.22"]
[SourceQuality "1"]

1. e4 c5 2. c3 Nc6 3. d3 g6 4. Nf3 Bg7 5. Be2 Nf6 6. 0-0 0-0 7. Nbd2 Nh5 8. Re1 Nf4 9. Bf1 d6 10. Nc4 e5 11. h3 Ne6 12. a4 Rb8 13. a5 Ne7 14. Ng5 Nc6 15. Nxe6 Bxe6 16. Qa4 f5 17. Qb5 Qc7 18. Bd2 f4 19. f3 h5 20. Rec1 g5 21. Kf2 Qd7 22. Ke1 g4 23. hxg4 hxg4 24. Kd1 Rf6 25. Qa4 Rh6 26. Kc2 gxf3 27. gxf3 Rh2 28. Re1 Rf2 29. Be2 Rxe2 30. Rxe2 Kf7 31. b3 Rh8 32. Kb2 Rh3 33. Rf2 d5 34. exd5 Qxd5 35. Qb5 Nd8 36. b4 Qxd3 37. Nxe5+ Bxe5 38. Qxd3 Nc6 39. b5 Ne7 40. Qe4 Ng6 41. Qxb7+ Kf6 42. Qxa7 Nh4 43. Qxc5 1-0

[Event "Blagoevgrad op"]
[Site "Blagoevgrad"]
[Date "2013.10.02"]
[Round "7"]
[White "Lagopatis, Nikolaos"]
[Black "Petkov, Vladimir"]
[Result "0-1"]
[WhiteElo "2161"]
[BlackElo "2564"]
[PlyCount "96"]
[EventDate "2013.09.28"]
[EventType "swiss"]
[EventRounds "9"]
[EventCountry "BUL"]
[SourceTitle "CBM 156 Extra"]
[Source "ChessBase"]
[SourceDate "2013.10.22"]
[SourceVersion "1"]
[SourceVersionDate "2013.10.22"]
[SourceQuality "1"]

1. e4 c5 2. c4 Nc6 3. Nc3 g6 4. g3 Bg7 5. Bg2 a6 6. Nge2 Rb8 7. a4 Nf6 8. 0-0 0-0 9. d3 Ne8 10. Rb1 Nc7 11. Be3 Ne6 12. Qd2 Re8 13. Bh6 Bh8 14. h4 Ned4 15. h5 d6 16. hxg6 hxg6 17. f3 b5 18. axb5 axb5 19. cxb5 Nxe2+ 20. Qxe2 Nd4 21. Qd2 Nxb5 22. Kf2 Qa5 23. Nxb5 Qxd2+ 24. Bxd2 Rxb5 25. b4 cxb4 26. Rxb4 Rxb4 27. Bxb4 Ba6 28. Ke3 Rb8 29. Ba5 Rb5 30. Bc7 Rb3 31. Rd1 Bc3 32. f4 Rb2 33. Bf3 e5 34. fxe5 dxe5 35. Be2 f5 36. exf5 Bd4+ 37. Kf3 Bb7+ 38. Kg4 gxf5+ 39. Kxf5 Rxe2 40. Rb1 Ba6 41. Rb3 Kf7 42. g4 Bc8+ 43. Kg5 Rg2 44. Rb5 Bxg4 45. Ra5 Be6+ 46. Kh4 Bf2+ 47. Kh5 Rh2+ 48. Kg5 Be3# 0-1

[Event "Isthmia op-A 2nd"]
[Site "Korinthos"]
[Date "2012.08.23"]
[Round "7"]
[White "Mastrovasilis, Athanasios"]
[Black "Lagopatis, Nikolaos"]
[Result "1/2-1/2"]
[WhiteElo "2539"]
[BlackElo "2213"]
[PlyCount "60"]
[EventDate "2012.08.18"]
[EventType "swiss"]
[EventRounds "9"]
[EventCountry "GRE"]
[SourceTitle "CBM 150 Extra"]
[Source "ChessBase"]
[SourceDate "2012.10.19"]
[SourceVersion "1"]
[SourceVersionDate "2012.10.19"]
[SourceQuality "1"]

1. c4 e5 2. g3 c6 3. d4 Bb4+ 4. Bd2 Bxd2+ 5. Qxd2 d6 6. Nc3 Nf6 7. Bg2 0-0 8. e3 Be6 9. Rd1 Nbd7 10. d5 cxd5 11. cxd5 Bg4 12. f3 Bh5 13. e4 Ne8 14. h4 h6 15. Nge2 b5 16. g4 b4 17. Nb1 Bg6 18. h5 Bh7 19. Qxb4 Rb8 20. Qd2 a5 21. Nec3 Rb4 22. Qf2 Qg5 23. b3 Nc5 24. Qd2 Qe7 25. 0-0 Qh4 26. Na3 g6 27. Qxh6 f5 28. Nc4 Rxc4 29. bxc4 g5 30. Na4 Rf6 1/2-1/2

[Event "Isthmia op-A 2nd"]
[Site "Korinthos"]
[Date "2012.08.19"]
[Round "3"]
[White "Deligiannis, Paraskevas1111"]
[Black "Lagopatis, Nikolaos"]
[Result "0-1"]
[WhiteElo "2037"]
[BlackElo "2213"]
[PlyCount "58"]
[EventDate "2012.08.18"]
[EventType "swiss"]
[EventRounds "9"]
[EventCountry "GRE"]
[SourceTitle "CBM 150 Extra"]
[Source "ChessBase"]
[SourceDate "2012.10.19"]
[SourceVersion "1"]
[SourceVersionDate "2012.10.19"]
[SourceQuality "1"]

1. c4 e5 2. g3 c6 3. Bg2 d5 4. cxd5 cxd5 5. d4 exd4 6. Nf3 Bb4+ 7. Nbd2 d3 8. exd3 Qe7+ 9. Kf1 Nf6 10. Nb3 0-0 11. h3 Nc6 12. Kg1 Re8 13. Nbd4 Bd7 14. Kh2 Rad8 15. Be3 h6 16. a3 Bc5 17. Rc1 Nxd4 18. Nxd4 Bd6 19. Re1 Qe5 20. Qd2 Qh5 21. Qd1 Bg4 22. Qd2 Be5 23. f4 Bb8 24. Bg1 g5 25. fxg5 hxg5 26. Rxe8+ Rxe8 27. Re1 Bxg3+ 28. Kxg3 Rxe1 29. Bf2 Rh1 0-1

[Event "GRE-chT 40th"]
[Site "Achaia"]
[Date "2012.07.04"]
[Round "6.10"]
[White "Lagopatis, Nikolaos"]
[Black "Tsiamis, Konstantinos"]
[Result "0-1"]
[WhiteElo "2239"]
[BlackElo "2259"]
[PlyCount "130"]
[EventDate "2012.06.30"]
[EventType "team-swiss"]
[EventRounds "7"]
[EventCountry "GRE"]
[SourceTitle "CBM 149 Extra"]
[Source "ChessBase"]
[SourceDate "2012.08.24"]
[SourceVersion "1"]
[SourceVersionDate "2012.08.24"]
[SourceQuality "1"]
[WhiteTeam "Ptolemaida Ptolemaios"]
[BlackTeam "Korydallos"]
[WhiteTeamCountry "GRE"]
[BlackTeamCountry "GRE"]

1. f4 d5 2. Nf3 Bg4 3. Ne5 Bh5 4. c4 f6 5. Qa4+ c6 6. Nd3 e6 7. cxd5 exd5 8. Nc3 Nd7 9. e3 Bd6 10. g4 Bxg4 11. Rg1 f5 12. Nf2 Ngf6 13. b3 Qe7 14. h3 Bh5 15. Be2 Bxe2 16. Nxe2 g6 17. Bb2 Rf8 18. 0-0-0 a5 19. Qd4 a4 20. Kb1 axb3 21. axb3 Nc5 22. Nc1 Nfe4 23. Nxe4 Qxe4+ 24. Qxe4+ dxe4 25. h4 Rg8 26. h5 Bf8 27. Rg2 Kf7 28. Rh1 Bg7 29. hxg6+ hxg6 30. Rh7 Ne6 31. Kc2 Rh8 32. Rgh2 Rxh7 33. Rxh7 Rg8 34. Rh1 Bxb2 35. Kxb2 Rd8 36. Kc2 Kg7 37. Ne2 Ra8 38. Kb2 Nc5 39. Nc1 Rd8 40. Kc2 Ne6 41. Kc3 Nc7 42. Rh2 Rd5 43. Kc2 Na6 44. Na2 Rb5 45. Kc3 Rd5 46. Kc2 Rd3 47. Rh1 Nc5 48. Rb1 Rd8 49. b4 Nd3 50. b5 c5 51. Rb3 Ra8 52. Kb1 Rh8 53. Ra3 Rh1+ 54. Kc2 Ra1 55. b6 Rxa2+ 56. Rxa2 Nb4+ 57. Kb3 Nxa2 58. Kxa2 Kf6 59. Kb3 Ke6 60. Kc3 Kd5 61. Kb3 Kc6 62. Kc4 Kxb6 63. Kd5 c4 64. Ke6 Kc6 65. Kf6 Kd6 0-1

[Event "GRE-chT 40th"]
[Site "Achaia"]
[Date "2012.07.02"]
[Round "4.9"]
[White "Lagopatis, Nikolaos"]
[Black "Lirindzakis, Timotheos"]
[Result "0-1"]
[WhiteElo "2239"]
[BlackElo "2320"]
[PlyCount "124"]
[EventDate "2012.06.30"]
[EventType "team-swiss"]
[EventRounds "7"]
[EventCountry "GRE"]
[SourceTitle "CBM 149 Extra"]
[Source "ChessBase"]
[SourceDate "2012.08.24"]
[SourceVersion "1"]
[SourceVersionDate "2012.08.24"]
[SourceQuality "1"]
[WhiteTeam "Ptolemaida Ptolemaios"]
[BlackTeam "Heraklion DAA"]
[WhiteTeamCountry "GRE"]
[BlackTeamCountry "GRE"]

1. e4 e6 2. d4 d5 3. exd5 exd5 4. Nc3 c6 5. Bf4 Bf5 6. Qe2+ Be7 7. g4 Be6 8. 0-0-0 Nd7 9. Kb1 h5 10. gxh5 Ngf6 11. h6 gxh6 12. Bh3 Nf8 13. Be5 Qd7 14. Qf3 N8h7 15. Bxe6 Qxe6 16. Nh3 0-0-0 17. Nf4 Qf5 18. h4 Rhg8 19. Rde1 Rde8 20. Re2 Ng4 21. Rhe1 Bd8 22. Qd3 Qxd3 23. Nxd3 Bxh4 24. Rh1 Bg5 25. f4 Bd8 26. Rhe1 Nhf6 27. a3 Nd7 28. Bd6 Rxe2 29. Rxe2 Rg6 30. Be7 Re6 31. Bxd8 Rxe2 32. Nxe2 Kxd8 33. Ng3 Ke7 34. Kc1 Ke6 35. Kd2 Ngf6 36. f5+ Kd6 37. Nf4 Ne4+ 38. Nxe4+ dxe4 39. c4 b6 40. Ke3 Nf6 41. Ne2 c5 42. b3 h5 43. Kf4 h4 44. d5 h3 45. Kg3 Ke5 46. Kxh3 Kxf5 47. Kg3 Ke5 48. Kh4 Ne8 49. a4 Nd6 50. Kg4 f5+ 51. Kg3 Ne8 52. Nf4 Nf6 53. Ne2 Nh5+ 54. Kf2 f4 55. Nc3 Nf6 56. Nb5 a5 57. d6 Ke6 58. Kg2 Ne8 59. Kh3 Nxd6 60. Nc7+ Ke5 61. Kg4 Nf5 62. Nd5 Ne3+ 0-1

[Event "Thessaloniki Triandria op 5th"]
[Site "Thessaloniki"]
[Date "2012.04.21"]
[Round "6"]
[White "Lagopatis, Nikolaos"]
[Black "Kakushadze, Ilia"]
[Result "1-0"]
[WhiteElo "2234"]
[BlackElo "2049"]
[PlyCount "98"]
[EventDate "2012.04.17"]
[EventType "swiss"]
[EventRounds "7"]
[EventCountry "GRE"]
[SourceTitle "EXT 2014"]
[Source "ChessBase"]
[SourceDate "2013.11.20"]
[SourceVersion "1"]
[SourceVersionDate "2013.11.20"]
[SourceQuality "1"]

1. f4 d5 2. Nf3 c5 3. g3 g6 4. Bg2 Bg7 5. d3 Nf6 6. 0-0 0-0 7. Qe1 d4 8. c3 Nc6 9. Na3 Be6 10. Nc2 Rb8 11. Bd2 b5 12. h3 dxc3 13. bxc3 c4 14. Nfd4 Nxd4 15. Nxd4 Qd7 16. Kh2 cxd3 17. exd3 Bd5 18. Nf3 Rfd8 19. Qe2 a5 20. Ne5 Qb7 21. Rab1 Nd7 22. c4 Bxg2 23. Qxg2 Qxg2+ 24. Kxg2 Nxe5 25. fxe5 Rxd3 26. Bxa5 Bxe5 27. Rf3 Rxf3 28. Kxf3 bxc4 29. Rxb8+ Bxb8 30. Bb6 c3 31. Ke2 Bxg3 32. a4 c2 33. Kd2 Kg7 34. Kxc2 Kf6 35. a5 Kg5 36. a6 Bb8 37. Kd3 f5 38. Kc4 e5 39. Kd5 f4 40. Kc6 f3 41. Kb7 Ba7 42. Bxa7 Kf4 43. Bb6 e4 44. a7 e3 45. a8Q f2 46. Qf8+ Ke4 47. Kc6 g5 48. Qf7 h5 49. Qd5+ Kf4 1-0

[Event "Kavala op 20th"]
[Site "Kavala"]
[Date "2011.08.04"]
[Round "7"]
[White "Lagopatis, Nikolaos"]
[Black "Zysk, Robert"]
[Result "0-1"]
[WhiteElo "2181"]
[BlackElo "2437"]
[PlyCount "100"]
[EventDate "2011.07.30"]
[EventType "swiss"]
[EventRounds "9"]
[EventCountry "GRE"]
[SourceTitle "CBM 143 Extra"]
[Source "ChessBase"]
[SourceDate "2011.08.29"]
[SourceVersion "1"]
[SourceVersionDate "2011.08.29"]
[SourceQuality "1"]

1. e4 e6 2. d4 d5 3. exd5 Qxd5 4. Nf3 Nf6 5. Nc3 Bb4 6. Be2 Ne4 7. Qd3 Nxc3 8. bxc3 Be7 9. c4 Qd8 10. 0-0 Nc6 11. Rb1 0-0 12. Rd1 b6 13. d5 Nb4 14. Qb3 exd5 15. cxd5 Bd6 16. Qc3 Nxa2 17. Qd4 Nxc1 18. Rbxc1 a5 19. Ra1 Bd7 20. Bd3 Re8 21. c4 h6 22. Ra2 Re7 23. g3 Qf8 24. h4 g6 25. h5 g5 26. Kg2 Qg7 27. Rb1 Bc5 28. Qxg7+ Kxg7 29. Nd2 Rae8 30. Kf3 f5 31. Nb3 Bb4 32. Nd4 Kf6 33. Kg2 Ke5 34. Nf3+ Kd6 35. Nd4 Rf8 36. Kf3 Bc5 37. Nb5+ Bxb5 38. Rxb5 Bb4 39. Ra4 Re5 40. Ra1 g4+ 41. Kg2 f4 42. gxf4 Rxf4 43. Rd1 Rf3 44. Kf1 Rxh5 45. Be2 Rf4 46. Rd3 Rh2 47. f3 Rxc4 48. fxg4 Re4 49. Rxb4 Rxb4 50. Rd1 Rb2 0-1